Byene/Tettstedene i Aust-Agder over 2,000 innbyggere - Statistics

General Stats
  • This quiz has been taken 28 times
  • The average score is 6 of 8
Answer Stats
Befolkning By % Correct
12,899 Grimstad
100%
43,084 Arendal
95%
7,644 Lillesand
95%
4,626 Risør
95%
2,503 Tvedestrand
90%
2,462 Evje
50%
2,851 Birkeland
45%
3,010 Blakstad
20%
No matching quizzes found
Score Distribution
Percent of People with Each Score
Percentile by Number Answered
Your Score History
You have not taken this quiz